Yield component analysis in a few clones of Hevea brasiliensis (Record no. 50599)

MARC details
000 -LEADER
fixed length control field 00527nam a2200169Ia 4500
100 ## - MAIN ENTRY--AUTHOR NAME
Personal name Sethuraj M.R.
245 #0 - TITLE STATEMENT
Title Yield component analysis in a few clones of Hevea brasiliensis
260 ## - PUBLICATION, DISTRIBUTION, ETC. (IMPRINT)
Name of publisher International Rubber Conference, 23-28 November 1980, Rubber Research Institute of India, Kottayam, India.
Year of publication 1980
650 ## - SUBJECT ADDED ENTRY--TOPICAL TERM
Topical Term Clone
650 ## - SUBJECT ADDED ENTRY--TOPICAL TERM
Topical Term Yield
650 ## - SUBJECT ADDED ENTRY--TOPICAL TERM
Topical Term Yield component
700 ## - ADDED ENTRY--PERSONAL NAME
Personal name Krishnaswamy N.P.
700 ## - ADDED ENTRY--PERSONAL NAME
Personal name Mani
700 ## - ADDED ENTRY--PERSONAL NAME
Personal name Rao G.G.
942 ## - ADDED ENTRY ELEMENTS (KOHA)
Koha item type Bibliography STAF
700 ## - ADDED ENTRY--PERSONAL NAME
-- K.T.
Holdings
Withdrawn status Lost status Damaged status Not for loan Home library Current library Shelving location Date acquired Koha item type
      Bibliography RRII Library RRII Library Physiology 09/04/2014 Bibliography STAF